000
00305nam a22001337a 4500
008
170725b xxu||||| |||| 00| 0 eng d
020
_a
9781848360327
041
_a
eng
080
_2
2ND
_a
004
100
_a
29
101
_a
SHKI
245
_a
THE ROUGH GUIDE TO THE IPHONE
_c
BUCKLEY, P
942
_2
udc
_c
BK
999
_c
21839
_d
21839